00384nam a2200157Ia 45000010006000000050017000060080041000230410008000640820015000721000035000872450051001222600009001733000028001826500008002106540008002182121520260306172903.0260306t2013||||xx |||||||||||||| ||spa|| aESP a344.2bR47 aReyna Alfaro, Luis MigueleAUT 0aTratado integral de litigación estratégica c2013 a494 páginas :c25 cm. aGEN aCDE